Prácticas de teoría del delito (Record no. 144495)

MARC details
000 -LEADER
campo de control de longitud fija 00563nam a2200169 4500
001 - NÚMERO DE CONTROL
campo de control 144495
003 - IDENTIFICADOR DE NÚMERO DE CONTROL
campo de control ES-MaACL
007 - CAMPO FIJO DE DESCRIPCIÓN FÍSICA--INFORMACIÓN GENERAL
campo de control de longitud fija t|
008 - DATOS DE LONGITUD FIJA--INFORMACIÓN GENERAL
campo de control de longitud fija 070214s1985 sp r ||||1| spa d
020 ## - NÚMERO INTERNACIONAL ESTÁNDAR DEL LIBRO
Número Internacional Estándar del Libro 84-86130-84-0
100 1# - ENTRADA PRINCIPAL--NOMBRE DE PERSONA
Nombre de persona Silva, Jesús María.
9 (RLIN) 106370
245 10 - MENCIÓN DEL TÍTULO
Título Prácticas de teoría del delito
Resto del título : Derecho Penal, parte general /
Mención de responsabilidad, etc. Jesús María Silva, Mirentxu Corcoy.
260 ## - PUBLICACIÓN, DISTRIBUCIÓN, ETC.
Lugar de publicación, distribución, etc. Barcelona :
Nombre del editor, distribuidor, etc. Promociones Publicaciones Universitarias,
Fecha de publicación, distribución, etc. 1985.
300 ## - DESCRIPCIÓN FÍSICA
Extensión 321 p. ;
Dimensiones 24 cm.
700 1# - ENTRADA AGREGADA--NOMBRE PERSONAL
Nombre de persona Corcoy, Mirentxu.
9 (RLIN) 40490
852 ## - LOCALIZACIÓN
Ubicación ES-MaACL
Número de control de estantería L-8799
Sublocalización o colección R.110393
Holdings
Estatus retirado Estado de pérdida Estado de daño No para préstamo Biblioteca de origen Biblioteca actual Ubicación en estantería Fecha de adquisición Fuente de adquisición Total de préstamos Signatura topográfica completa Código de barras Visto por última vez Precio de reemplazo Tipo de ítem Koha
        Biblioteca del Ateneo de Madrid Biblioteca del Ateneo de Madrid Depósito 2 17/01/2008     L-8799 1150339 23/02/2023 23/02/2023 Libro impreso